000 00785nam a2200253Ia 4500
003 OSt
005 20220923212441.0
006 a|||||r|||| 00| 0
007 ta
008 220922b |||||||| |||| 00| 0 hin d
024 _a153,089
037 _cTextual
040 _aARTS
_cARTS
_bhin
041 _2hin
_ahin
082 _aO142,3M68,11, 152M6
100 _aगोर्की, मैक्सिम
_9156271
245 0 _aतीन पीढी
246 _aTīn pīḍhī
260 _aदिल्ली
_b किताब धर
_c1986
300 _a279 पृ.
_ccm.
650 _aहिन्दी साहित्य
_9156264
942 _hO142,3M68,11, 152M6
_cTEXL
_2CC
999 _c308737
_d308737